El Salvador: una auténtica guerra civil

Guardado en:
Bibliografiske detaljer
Hovedforfatter: Menéndez Rodríguez, Mario
Format: Texto
Udgivet: San José: EDUCA
Udgivelse:2
Tags: Tilføj Tag
Ingen Tags, Vær først til at tagge denne postø!

MARC

LEADER 00000 a a2200000 04500
001 23903
003
040
090 |a 165200  
100 |a Menéndez Rodríguez, Mario  
245 |a El Salvador: una auténtica guerra civil  
250 |a 2  
260 |a San José:   |b EDUCA  
300 |a 226 p.; 2 copias   |b il.  
999 |c 10826  |d 10826